Technology education : (Record no. 51039)
[ view plain ]
| 000 -LEADER | |
|---|---|
| fixed length control field | 00664nam a22001817a 4500 |
| 008 - FIXED-LENGTH DATA ELEMENTS--GENERAL INFORMATION | |
| fixed length control field | 170706b xxu||||| |||| 00| 0 eng d |
| 020 ## - INTERNATIONAL STANDARD BOOK NUMBER | |
| International Standard Book Number | 9780130363534 |
| 020 ## - INTERNATIONAL STANDARD BOOK NUMBER | |
| International Standard Book Number | 0130363537 |
| 050 ## - LIBRARY OF CONGRESS CALL NUMBER | |
| Classification number | LT305 .D31 |
| Item number | P73 2005 |
| 100 ## - MAIN ENTRY--PERSONAL NAME | |
| Personal name | Hacker, Michael |
| 245 ## - TITLE STATEMENT | |
| Title | Technology education : |
| Remainder of title | learning by design / |
| Statement of responsibility, etc | Michael Hacker, Dave Burghardt |
| 260 ## - PUBLICATION, DISTRIBUTION, ETC. (IMPRINT) | |
| Place of publication, distribution, etc | Upper Saddle River, N.J. : |
| Name of publisher, distributor, etc | Pearson/Prentice Hall, |
| Date of publication, distribution, etc | 2004 |
| 300 ## - PHYSICAL DESCRIPTION | |
| Extent | xvii, 558 p. : |
| Other physical details | col. ill. ; |
| Dimensions | 29 cm. + |
| Accompanying material | annotated teacher's edition (xvii, 558 : col. ill. ; 29 cm.) |
| 500 ## - GENERAL NOTE | |
| General note | Includes index |
| 650 ## - SUBJECT ADDED ENTRY--TOPICAL TERM | |
| Topical term or geographic name as entry element | Technology |
| General subdivision | Study and teaching |
| 700 ## - ADDED ENTRY--PERSONAL NAME | |
| Personal name | Burghardt, Dave |
| 942 ## - ADDED ENTRY ELEMENTS (KOHA) | |
| Source of classification or shelving scheme | Library of Congress Classification |
| Item type | Book |
| Withdrawn status | Lost status | Source of classification or shelving scheme | Damaged status | Not for loan | Collection code | Home library | Current library | Shelving location | Date acquired | Source of acquisition | Cost, normal purchase price | Total Checkouts | Full call number | Barcode | Copy number | Price effective from | Koha item type |
|---|---|---|---|---|---|---|---|---|---|---|---|---|---|---|---|---|---|
| Library of Congress Classification | Non-fiction | Bishop Okullu Memorial Library (Limuru Campus) | Bishop Okullu Memorial Library (Limuru Campus) | General Circulation | 06/07/2017 | Donations- BFA | 2000.00 | LT305 .D31 P73 2005 | 054294 | 1 | 06/07/2017 | Book |